|
|
|
|
| LEADER |
01073cam a2200253 7i4500 |
| 001 |
0000072216 |
| 005 |
20221102090000.0 |
| 020 |
|
|
|a 9781315622736 (electronic book)
|
| 090 |
0 |
0 |
|a LB1139.23
|b .N46 2018
|
| 100 |
1 |
|
|a Nemeth, Karen N
|
| 245 |
1 |
0 |
|a Universal design for learning in the early childhood classroom :
|b teaching children of all languages, cultures and abilities, birth-8 years
|c Karen Nemeth and Pamela Brillante.
|
| 264 |
|
|
|a New York, NY ; Milton Park, Abingdon, Oxon:
|b Routledge,
|c 2018.
|
| 300 |
|
|
|a 1 online resource (vii, 143 pages):
|b text file, PDF.
|
| 336 |
|
|
|a text
|2 rdacontent
|
| 337 |
|
|
|a computer
|2 rdamedia
|
| 338 |
|
|
|a online resource
|2 rdacarrier
|
| 650 |
|
0 |
|a Education, Elementary
|
| 650 |
|
0 |
|a Early childhood education
|
| 655 |
|
0 |
|a Electronic books
|
| 700 |
1 |
|
|a Brillante, Pamela
|
| 856 |
4 |
2 |
|u http://library.unisel.edu.my/web/guest/mylibrary
|
| 997 |
|
|
|a Education & Social Sciences, Faculty
|b Early Chilhood Studies, Department
|
| 998 |
|
|
|a Early Childhood Education, Degree
|
| 999 |
|
|
|a EBO0015200
|b EBOOK
|c EBOOK
|e Electronic resources
|